000 00328nam a22001457a 4500
020 _qPB.
040 _cFIZZA ISHAQ
082 _a690.16
_bGEO
100 _aGARBER, GEORGE.
_989443
245 _aCONCRETE FLORS /
_cGEORGE GARBER.
250 _a2nd ED.
260 _bCRC PRESS,
_c2006.
300 _a384 P. ;
942 _2ddc
_cBK
999 _c588176
_d588176